000 00306nam a22001337a 4500
008 171102b xxu||||| |||| 00| 0 eng d
020 _a9780324062625
041 _aeng
080 _26TH
_a339.138
100 _a60
101 _aMAR
245 _aMARKETING PLANNING & STRATEGY
_cJAIN,S.C
942 _2udc
_cBK
999 _c37319
_d37319